000 00753nam a22002297i 4500
999 _c23524
_d23524
003 AR-CdUCM
008 260224b20212021 pe||||| |||| 00| 0 spa d
020 _a978-612-48566-2-4
040 _aMUNICIPALIDAD PROVINCIAL DEL CUSCO
_cBIBLIOTECA MUNICIPAL DEL CUSCO
041 _hspa
082 _22°-Edicion
_aEP / 398.21
_bF41
100 _aFernández Ferro, Elena
_952319
245 _aDiosario :
_bDioses, seres y espíritus del Perú /
260 _aLima :
_bMónimo SAC.
_c2021
300 _a76 páginas. :
_c32x27 cm.
505 _aApu -- Mama Cocha -- Equeco -- Huillac Huma -- Muqui -- Naylamp
650 _aWiracocha
_92082
650 _aMama Quilla
_952320
650 _aPachamama
_952321
942 _2ddc
_cLIBROS
945 _apbjr
_d24-02-2026